00531nam a2200169 a 45000010005000000030009000050080041000140200015000550400028000700820022000981000027001202450123001472600030002703000016003004900017003166500028003333768CO-ViMGA141112s2004 ck r 000 u spa d a8474447801 aCO-ViMGAbspacCO-ViMGA04aMEVIECAR.535 G1511 aGanascia, Jean Gabriel10aLa inteligencia artificial : buna exposición para comprender, un ensayo para reflexionar / cGanascia Jean Gabriel  aMadrid : bDebate, c1993 a126 p. : il aDominós, 114aINTELIGENCIA ARTIFICIAL